Die größten Städte in Südtirol - Statistiken

Allgemein
  • Dieses Quiz wurde 353 mal gespielt
  • Das Durchschnittsergebnis liegt bei 5 aus 10
Antwortstatistiken
Einwohner Stadt % Korrekt
107.000 Bozen(Bolzano)
100%
37.000 Meran(Merano)
95%
21.000 Brixen(Bressanone)
83%
15.000 Bruneck(Brunico)
68%
17.000 Leifers(Laives)
43%
11.000 Lana(Lana)
37%
14.000 Eppan(Appiano)
35%
8.000 Kaltern(Caldaro)
35%
7.000 Sarntal(Sarentino)
19%
8.000 Ritten(Renon)
16%
Keine übereinstimmenden Quizze gefunden
Verteilung der Resultate
Anzahl Personen mit jedem Resultat
Perzentil nach korrekt beantworteten Fragen
Ihre Resultats-Entwicklung
Sie haben dieses Quiz noch nicht gespielt